000 02551nam0a2200433 4500
001 RU\NLR\bibl\1785369
005 20260405222509.0
010 _a978-5-89533-232-0
_9500
021 _aRU
_b2011-42740
_93029
035 _a(nilc)RSL-KNO-004954580
035 _a(NLR Aleph) 001776095
090 _a1668131
_c1668131
100 _a20110614d2010 |||y0rusy50 ca
101 0 _arus
102 _aRU
105 _aa |||||||||
200 1 _aСовременные эколого-биологические методы анализа внутренней и внешней среды организма
_e(общебиологические, эволюционные и молекулярно-физиологические аспекты)
_fБ. Н. Орлов, И. Е. Постнов
_gпод общ. ред. Б. Н. Орлова
_gМ-во сельского хоз-ва РФ, Нижегородская гос. с.-х. акад.
210 _aНижний Новгород
_cДеком
_d2010
215 _a287 с.
_cил., табл.
_d20
300 _a80-летию Нижегородской гос. с.-х. акад. посвящается
300 _aНа 4-й с. обл. авт.: Постнов И.Е. - д.б.н., проф., почет. работник высш. образования, Орлов Б.Н. - д.б.н., проф., Засл. деят. науки Рос. Федерации, Почет. работник высш. образования, д.чл. Европ. акад. естеств. наук, Почет. изобретатель СССР
320 _aБиблиогр.: с. 276-280
606 1 _aПчелы как индикаторы загрязнения окружающей среды
_xИсследования
_xМетоды
_92090293
_3RU\NLR\auth\661568833
606 1 _aБиотестирование
_91143358
_3RU\NLR\auth\66136948
606 1 _aОкружающая среда
_xЗагрязнение
_xБиоиндикация
_91144038
_3RU\NLR\auth\66137331
686 _aЕ081с,0
_2rubbk
686 _aЕ073с,0
_2rubbk
686 _aЕ.в
686 _aП691-28в76
686 _aР121.1в76
700 1 _4070
_8rus
_7ca
_aОрлов
_bБ. Н.
_cд-р биол. наук
_f1935-
_gБорис Николаевич
_3RU\NLR\auth\77100754
_983680
701 1 _aПостнов
_bИ. Е.
_gИван Евстафьевич
_4070
801 0 _aRU
_bRuMoRKP
_c20110614
_grcr
801 1 _aRU
_bРГБ
_c20110614
801 2 _aRU
_bNLR
_c20110705
_grcr
942 _cBOOK
980 _aNB
980 _aNBR